000 00496nam a2200193Ia 4500
005 20250603145340.0
008 250603s9999 xx 000 0 und d
020 _a9781133311362
050 _aHE 7775 .S79/
100 _aStraubhaar, Joseph
245 0 _aMedia now: understanding media, culture, and technology.
250 _a8th ed
260 _aBelmont, Calif
260 _bWadsworth Cengage Learning
260 _c2014
300 _a579 p
650 _aBelmont, Calif
942 _cBK
999 _c41601
_d41601